Effect of processing parameters on in situ screen printing-assisted synthesis and electrical properties of Ti3SiC2-based structures; Journal of Advanced Ceramics; Vol. 10, iss. 1
| Parent link: | Journal of Advanced Ceramics Vol. 10, iss. 1.— 2021.— [P. 129-138] |
|---|---|
| Autor principal: | |
| Autor corporatiu: | |
| Altres autors: | , |
| Sumari: | Title screen This work reports on the development of pastes containing Ti, TiC, Si, and C elementary powders for in situ synthesis of Ti3SiC2 via screen printing. Four paste compositions were manufactured using two powder mixtures (Ti/Si/C and Ti/TiC/Si/C) with different stoichiometry. The pastes were screen printed onto Al2O3 substrates and sintered at 1400 °С in argon varying the dwell time from 1 to 5 h. The printed pastes containing TiC and excess of Si exhibited the lowest surface roughness and after 5 h sintering comprised of Ti3SiC2 as the majority phase. The electrical conductivity of this sample was found to range from 4.63•104 to 2.57•105 S·m–1 in a temperature range of 25–400 °С. |
| Idioma: | anglès |
| Publicat: |
2021
|
| Matèries: | |
| Accés en línia: | https://doi.org/10.1007/s40145-020-0427-0 |
| Format: | Electrònic Capítol de llibre |
| KOHA link: | https://koha.lib.tpu.ru/cgi-bin/koha/opac-detail.pl?biblionumber=665226 |
MARC
| LEADER | 00000naa0a2200000 4500 | ||
|---|---|---|---|
| 001 | 665226 | ||
| 005 | 20250128165728.0 | ||
| 035 | |a (RuTPU)RU\TPU\network\36425 | ||
| 035 | |a RU\TPU\network\36374 | ||
| 090 | |a 665226 | ||
| 100 | |a 20210903d2021 k||y0rusy50 ba | ||
| 101 | 0 | |a eng | |
| 102 | |a US | ||
| 135 | |a drcn ---uucaa | ||
| 181 | 0 | |a i | |
| 182 | 0 | |a b | |
| 200 | 1 | |a Effect of processing parameters on in situ screen printing-assisted synthesis and electrical properties of Ti3SiC2-based structures |f M. Lorenz, N. Travitsky (Travitzky), C. R. Rambo | |
| 203 | |a Text |c electronic | ||
| 300 | |a Title screen | ||
| 320 | |a [References: 42 tit.] | ||
| 330 | |a This work reports on the development of pastes containing Ti, TiC, Si, and C elementary powders for in situ synthesis of Ti3SiC2 via screen printing. Four paste compositions were manufactured using two powder mixtures (Ti/Si/C and Ti/TiC/Si/C) with different stoichiometry. The pastes were screen printed onto Al2O3 substrates and sintered at 1400 °С in argon varying the dwell time from 1 to 5 h. The printed pastes containing TiC and excess of Si exhibited the lowest surface roughness and after 5 h sintering comprised of Ti3SiC2 as the majority phase. The electrical conductivity of this sample was found to range from 4.63•104 to 2.57•105 S·m–1 in a temperature range of 25–400 °С. | ||
| 461 | |t Journal of Advanced Ceramics | ||
| 463 | |t Vol. 10, iss. 1 |v [P. 129-138] |d 2021 | ||
| 610 | 1 | |a электронный ресурс | |
| 610 | 1 | |a труды учёных ТПУ | |
| 610 | 1 | |a MAX phases | |
| 610 | 1 | |a Ti3SiC2 | |
| 610 | 1 | |a screen printing | |
| 610 | 1 | |a in situ synthesis | |
| 610 | 1 | |a electrical conductivity | |
| 610 | 1 | |a синтез | |
| 610 | 1 | |a электрическая проводимость | |
| 610 | 1 | |a порошки | |
| 610 | 1 | |a трафаретная печать | |
| 610 | 1 | |a шероховатость | |
| 610 | 1 | |a поверхности | |
| 700 | 1 | |a Lorenz |b M. |g Mylena | |
| 701 | 1 | |a Travitsky (Travitzky) |b N. |c specialist in the field of material science |c Professor of Tomsk Polytechnic University |f 1951- |g Nakhum |3 (RuTPU)RU\TPU\pers\42461 | |
| 701 | 1 | |a Rambo |b C. R. |g Carlos | |
| 712 | 0 | 2 | |a Национальный исследовательский Томский политехнический университет |b Инженерная школа новых производственных технологий |b Отделение материаловедения |3 (RuTPU)RU\TPU\col\23508 |
| 801 | 2 | |a RU |b 63413507 |c 20210903 |g RCR | |
| 856 | 4 | |u https://doi.org/10.1007/s40145-020-0427-0 | |
| 942 | |c CF | ||